000 02788nam0a2200385 4500
001 RU\NLR\BIBL_A\022448550
005 20250328114949.0
010 _a978-5-00220-240-9
_950
021 _aRU
_bКН-П-24-078684
_9КН-П-24-7863
035 _a(NLR Aleph) 022448550
090 _a13356379
_c13356379
100 _a20250206d2024 k y0rusy50 ca
101 0 _arus
_deng
_eeng
102 _aRU
105 _ay z 100yy
181 0 _ai4
_baxxe
182 0 _an
200 1 _aАктуальные проблемы защиты прав и свобод граждан: историко-теоретические и правовые аспекты
_eматериалы всероссийской научно-практической конференции (Тула, 27 февраля 2024 года)
_fФедеральное государственное бюджетное образовательное учреждение высшего образования "Всероссийский государственный университет юстиции (РПА Минюста России)", Тульский институт (филиал) ВГУЮ (РПА Минюста России)
_gредакционная коллегия: В. И. Скрябин (ответственный редактор), С. В. Савенко
203 _aТекст
_bвизуальный
_cнепосредственный
210 _aТула
_cТульский институт (филиал) ВГУЮ (РПА Минюста России)
_d2024
215 _a331 с.
_d20
300 _aРез. на англ. яз.
320 _aБиблиогр. в конце ст.
606 1 _aГосударство
_yРоссия
_jСъезды, совещания и т.п
_2nlr_sh1
_2nlr_sh2
_3RU\NLR\AUTH\661343150
606 1 _aПраво
_yРоссийская Федерация
_jСъезды, совещания и т.п
_2nlr_sh1
_2nlr_sh2
_3RU\NLR\AUTH\661244932
686 1 _aХ2(2)4я431
686 1 _aХ62я431
702 1 _aСкрябин
_bВ. И.
_gВалерий Иванович
_4340
711 1 2 _a"Актуальные проблемы защиты прав и свобод граждан: историко-теоретические и правовые аспекты", всероссийская научно-практическая конференция
_f2024
_eТула
_3RU\NLR\AUTH\880623229
712 0 2 _aВсероссийский государственный университет юстиции
_bТульский институт (филиал)
_3RU\NLR\AUTH\880428365
_4475
942 _cBOOK
980 _aNB